Philippine presidency (Record no. 499559)

000 -LEADER
fixed length control field 00487cam a22001457a 4500
008 - FIXED-LENGTH DATA ELEMENTS--GENERAL INFORMATION
fixed length control field 180718b1956 xxu||||| |||| 00| 0 eng d
082 ## - DEWEY DECIMAL CLASSIFICATION NUMBER
Classification number I24x914 P538p
100 ## - MAIN ENTRY--PERSONAL NAME
Personal name Romani, John H.
245 ## - TITLE STATEMENT
Title Philippine presidency
Statement of responsibility, etc. by John H. Romani
260 ## - PUBLICATION, DISTRIBUTION, ETC.
Place of publication, distribution, etc. Manila
Name of publisher, distributor, etc. Institute of Public Administration
Date of publication, distribution, etc. 1956
300 ## - PHYSICAL DESCRIPTION
Extent 237p
650 ## - SUBJECT ADDED ENTRY--TOPICAL TERM
Topical term or geographic name entry element Philippines --Politics and government --1946-1973
650 ## - SUBJECT ADDED ENTRY--TOPICAL TERM
Topical term or geographic name entry element Philippines --Politics and government --1935-1946
650 ## - SUBJECT ADDED ENTRY--TOPICAL TERM
Topical term or geographic name entry element Presidents --Philippines
Holdings
Withdrawn status Lost status Damaged status Not for loan Permanent Location Current Location Date acquired Full call number Barcode Date last seen Price effective from Koha item type
        Indian Institute of Public Administration Indian Institute of Public Administration 2018-08-04 I24x914 P538p GR6285 2018-08-04 2018-08-04 GR

Powered by Koha